Platero y yo : elegía andaluza : /

Guardado en:
Autor Principal: Jiménez, Juan R.
Formato: Libro
Idioma:Spanish
Publicado: Madrid : Aguilar, 1957.
Etiquetas: Agregar Etiqueta
Sin Etiquetas, Sea el primero en etiquetar este registro!
LEADER 00440nam a22001455a 4500
001 EUN.um048521
003 AR-BaUNS
005 20050623122916.0
008 041125s1957####sp#a##########000#0#spa#d
245 1 0 |a Platero y yo :  |b elegía andaluza : /  |c Juan R. Jiménez. 
260 |a Madrid :  |b Aguilar,  |c 1957. 
300 |a 344 p. :  |b ilus. ;  |c 20,5 cm. 
100 1 |a Jiménez, Juan R. 
082 0 4 |a 863.6 
859 |a Ar-BaUNS  |b BIB. CENTRAL - Sector C  |h 863.6  |i J564  |p 798/957